| 000 | 01222cam a2200301 4500 | ||
|---|---|---|---|
| 999 |
_c6674 _d6674 |
||
| 001 | 42990 | ||
| 003 | GBCCL | ||
| 005 | 20241126110608.0 | ||
| 008 | 720713r19701903miu d 001 0 eng | ||
| 010 | _a 71106435 //r81 | ||
| 020 | _a0310203201 | ||
| 035 | _a(OCoLC)00379132 | ||
| 040 |
_aDLC _cDLC |
||
| 041 | 0 | _aenggrc | |
| 049 |
_aLBBK _aLBBQ _aLBBN _aLBBC |
||
| 050 | 0 |
_aBS2302 _b.W495 1970 |
|
| 082 | 0 |
_a225.48 _219 _bWIG |
|
| 092 |
_a225.2 _bW662, 1970 |
||
| 100 | 1 |
_aWigram, George V. _911925 |
|
| 245 | 1 | 4 |
_aThe Englishman's Greek concordance of the New Testament; _bbeing an attempt at a verbal connexion between the Greek and the English texts: including a concordance to the proper names; with indexes, Greek-English and English-Greek; and a concordance of various readings _c[by George V. Wigram] |
| 250 | _a9th ed., in which is added a vocabulary of New Testament Greek. | ||
| 260 |
_aGrand Rapids, Mich., _bZondervan Pub. House _c[1970] |
||
| 300 |
_axxxv, 1020, 14, iv, 71 p. _c25 cm. |
||
| 500 | _aNinth ed. first published in 1903. | ||
| 500 | _aEdition of 1979 published under title: The Englishman's Greek concordance. | ||
| 630 | 0 | 0 |
_aBible. _pN.T. _xConcordances, Greek. _911926 |
| 942 |
_2ddc _cREF |
||